000 01122nam0a22002411 4500
001 rc\4718387
005 20260407111359.0
035 _a(NLR Aleph) 008440207
090 _a9473173
_c9473173
100 _a20130416d1963 |||y0rusy50 ca
101 0 _arus
102 _aRU
105 _aa z |||||
200 1 _aО мерах по специализации научно-исследовательских и опытно-конструкторских организаций Госкомитета по радиоэлектронике СССР
_fГос. ком. по радиоэлектронике СССР. Всесоюз. науч.-исслед. ин-т технико-экон. исследований и информации по радиоэлектронике
210 _aМосква
_cБ. и.
_d1963
215 _a14 с., 1 л. схем.
_d20
333 _aДСП. Экз. № 97
710 0 1 _aСССР
_bКомитет по радиоэлектронике
_3RU\NLR\AUTH\889939147
_9373175
801 0 _aRU
_bNLR
_gpsbo
801 1 _aRU
_bELAR
_2rusmarc
852 _aNLR
_j63-4/15449
942 _cBOOK
980 _aNB